000 00476nab a22001457 4500
003 ES-SlBC
005 20210327223948.0
008 130916s2012 sp ||||| |||| 00| 0 spa d
040 _aES-SlBC
_bspa
041 _aspa
100 1 _aRodríguez Campos, William
_977903
245 1 3 _aLa educación integral o el ideal educativo burgués
_cWilliam Rodríguez Campos
773 0 _gVol. 70, núm. 137, 2012, págs. 517-532
_tMiscelánea Comillas
_wRev271
_x0210-9522
942 _2lcc
_cAR
999 _c447024
_d447024